00383nam a2200145Ia 4500008004100000020001500041041001200056082001100068100001700079245006800096260003300164300000800197650001200205700002000217221030s9999 xx 000 0 und d a8131304075 aEnglish a105.23 aJ. Sacratees 0aEnvironment Impact Assessmentcby J. Sacratees, R. Karthigarani bA.P.H. Pub.aNew Delhic2008 a121 aGeneral aR. Karthigarani